Statistiques concernant Mot mystérieux - Série 01

Cliquez ici pour prendre le quiz!

Statistiques générales

  • Ce quiz a été pris 332 fois
  • Le résultat moyen est 6 sur 10

Statistiques - réponses

IndicesMot% Correct
Ménage - Crime - Metteur - ThéâtreScène
93%
Tomber - Quartier - Jus - ReinettePomme
89%
Chapeau - Levant - Rayon - LunettesSoleil
88%
Stylo - Poids - Oiseau - GibierPlume
85%
Pas - Vesse - Faim - GueuleLoup
82%
Sage - EpinalImage
51%
Ane - Gros - Ski - NuitBonnet
50%
Epée - Eau - Fer - RasoirFil
44%
Fer - Tour - Sac - CoupMain
43%
Bout - Tour - Fer - DroitBras
19%

Distribution des résultats

Percentile par nombre de réponses

% des personnes avec chaque résultat

Votre développement - résultats

Vous n’avez pas pris ce quiz